000 00931nam0a22002411 4500
001 v19\rc\2043217
005 20260406084727.0
035 _a(NLR Aleph) 005274551
090 _a6034916
_c6034916
100 _a20081111d1904 |||y0rusy50 ca
101 0 _arus
102 _aRU
105 _ac z |||||
200 1 _aГолос пастыря по поводу последних печальных событий в России и за границей
_eИз бесед свящ. Г.С. Петрова
210 _aМосква
_cМаксимов
_dценз. 1904
215 _a1 л.
_cпортр.
700 1 _7ca
_8rus
_aПетров
_bГ. С.
_cписатель
_f1868-1925
_gГригорий Спиридонович
_936329
_3RU\NLR\AUTH\7753397
801 0 _aRU
_bNLR
_c20081111
_gpsbo
801 1 _aRU
_bProSoft-M
_c20081111
_2rusmarc
801 2 _aRU
_bNLR
_c20100414
_2rusmarc
852 _aNLR
_j34.50.3.334
942 _cBOOK
980 _aNB